Devine le pays avec le plat #2 - Statistiques

Statistiques générales
  • Ce quiz a été pris 42 fois
  • Le résultat moyen est 6 sur 15
Statistiques - réponses
Plats Pays % Correct
bœuf stroganoff Russie
74%
goulasch Hongrie
72%
Tom Yum Goong Thaïlande
72%
Feijoada Brésil
69%
surströmming Suède
69%
Satay Indonésie
46%
kuru fasulye Turquie
41%
poisson amok Cambodge
36%
Taramasalata Grèce
31%
kochari Egypte
21%
stamppot[ Pays-Bas
18%
Biltong Afrique du Sud
13%
khatchapouri Géorgie
8%
Poisson Vindaye Île Maurice
3%
Sancocho République Dominicaine
0%
Aucun quiz correspondant
Distribution des résultats
% des personnes avec chaque résultat
Percentile par nombre de réponses
Votre historique - résultats
Vous n’avez pas pris ce quiz